书目信息 |
| 题名: |
小提琴音阶教程
|
|
| 作者: | 赵惟俭 编著 | |
| 分册: | 上册 | |
| 出版信息: | 北京 人民音乐出版社 1991 |
|
| 页数: | 61页 | |
| 开本: | 31cm | |
| 丛书名: | ||
| 单 册: | ||
| 中图分类: | J622.1 | |
| 科图分类: | ||
| 主题词: | 小提琴--音阶--教材 | |
| 电子资源: | ||
| ISBN: | 7-103-00830-2 | |
| 000 | 00875nam0 2200253 450 | |
| 000 | 00855nam0 2200253 450 | |
| 000 | 00786nam0 2200229 450 | |
| 000 | 00749nam0 2200217 45 | |
| 005 | 20070529161355.29 | |
| 010 | @a7-103-00830-2@dCNY30.00(上下册) | |
| 100 | @a20051101d1991 ekmy0chiy0120 ea | |
| 101 | 0 | @achi |
| 102 | @aCN@b110000 | |
| 105 | @ag z 000yy | |
| 200 | 1 | @a小提琴音阶教程@AXiao Ti Qin Yin Jie Jiao Cheng@f赵惟俭编著@e单音练习@FZhao Wei Jian Bian Zhu@h上册 |
| 210 | @a北京@c人民音乐出版社@d1991 | |
| 215 | @a61页@c乐谱@d31cm | |
| 330 | @a本书上册是单音练习,下册是双音练习。包括第一把位一个八度至第六把位三个八度的练习,以及与此相适应的双音练习。 | |
| 517 | 1 | @a单音练习@Adan yin lian xi |
| 606 | 0 | @a小提琴@x音阶@j教材 |
| 690 | @aJ622.1@v4 | |
| 701 | 0 | @a赵惟俭@AZhao Wei Jian@4编著 |
| 801 | 0 | @aCN@bFYSX@c20070529 |
| 905 | @a10447@dJ622.1@e172:1 | |
| 小提琴音阶教程/赵惟俭编著:单音练习.上册.-北京:人民音乐出版社,1991 |
| 61页:乐谱;31cm |
| ISBN 7-103-00830-2:CNY30.00(上下册) |
| 本书上册是单音练习,下册是双音练习。包括第一把位一个八度至第六把位三个八度的练习,以及与此相适应的双音练习。 |
| ● |
| 相关链接 |
|
|
|
|
正题名:小提琴音阶教程
索取号:J622.1/172:1
 
预约/预借
| 序号 | 登录号 | 条形码 | 馆藏地/架位号 | 状态 | 备注 |
| 1 | 0511076 | 205110761 | 第一样本阅览室/ [索取号:J622.1/172:1] | 在馆 | |
| 2 | 0511077 | 205110770 | 第一借阅区/ [索取号:J622.1/172:1] | 在馆 | |
| 3 | 0511078 | 205110789 | 第一借阅区/ [索取号:J622.1/172:1] | 在馆 | |
| 4 | 0511079 | 205110798 | 第一借阅区/ [索取号:J622.1/172:1] | 在馆 | |
| 5 | 0511080 | 205110805 | 第一借阅区/ [索取号:J622.1/172:1] | 在馆 |